LEADER 03337nam 22006012 450 001 9910154817503321 005 20161129133010.0 010 $a1-108-11069-X 010 $a1-108-10592-0 010 $a1-108-11001-0 010 $a1-108-11137-8 010 $a1-316-58466-6 010 $a1-108-11205-6 010 $a1-108-11477-6 035 $a(CKB)4340000000023056 035 $a(MiAaPQ)EBC4697922 035 $a(UkCbUP)CR9781316584668 035 $a(EXLCZ)994340000000023056 100 $a20150918d2016|||| uy| 0 101 0 $aeng 135 $aur||||||||||| 181 $ctxt$2rdacontent 182 $cc$2rdamedia 183 $acr$2rdacarrier 200 14$aThe care of the witness $ea contemporary history of testimony in crises /$fMichal Givoni$b[electronic resource] 210 1$aNew York :$cCambridge University Press,$d2016. 215 $a1 online resource (x, 239 pages) $cdigital, PDF file(s) 225 1 $aHuman rights in history 300 $aTitle from publisher's bibliographic system (viewed on 25 Nov 2016). 311 $a1-316-60547-7 311 $a1-107-15094-9 320 $aIncludes bibliographical references and index. 327 $aThe ethics of witnessing and the politics of the governed -- Witnessing beyond politics : testimony theory between Auschwitz and the crisis of representation -- Witnesses as a public : the authority of experience and the critique of testimonies following the Great War -- Empathic listeners and alarmed spectators : secondary witnessing and existential ruin in the Fortunoff Video Archive for Holocaust testimonies -- Humanitarian governance and ethical cultivation : Medecins Sans Frontie?res and the advent of the expert-witness. 330 $aDuring the twentieth century, witnessing grew to be not just a widespread solution for coping with political atrocities but also an intricate problem. As the personal experience of victims, soldiers, and aid workers acquired unparalleled authority as a source of moral and political truth, the capacity to generate adequate testimonies based on this experience was repeatedly called into question. Michal Givoni's book follows the trail of the problems, torments, and crises that became commingled with witnessing to genocide, disaster, and war over the course of the twentieth century. By juxtaposing episodes of reflexive witnessing to the Great War, the Jewish Holocaust, and third world emergencies, The Care of the Witness explores the shifting roles and responsibilities of witnesses in history and the contribution that the troubles of witnessing made to the ethical consolidation of the witness as the leading figure of nongovernmental politics. 410 0$aHuman rights in history. 606 $aTestimony (Theory of knowledge) 606 $aWitnesses 606 $aHolocaust, Jewish (1939-1945)$vPersonal narratives 606 $aHuman rights 606 $aEvidence, Hearsay 615 0$aTestimony (Theory of knowledge) 615 0$aWitnesses. 615 0$aHolocaust, Jewish (1939-1945) 615 0$aHuman rights. 615 0$aEvidence, Hearsay. 676 $a177 700 $aGivoni$b Michal$01074766 801 0$bUkCbUP 801 1$bUkCbUP 906 $aBOOK 912 $a9910154817503321 996 $aThe care of the witness$92581475 997 $aUNINA LEADER 01206nam2 22002893i 450 001 MIL0441035 005 20251003044233.0 100 $a20131203d1907 ||||0itac50 ba 101 | $aita 102 $ait 181 1$6z01$ai $bxxxe 182 1$6z01$an 200 1 $aˆ1: Il ‰regno langobardo, l'Italia meridionale sino alla dominazione normanna$fP. S. Leicht 210 $aVerona [etc.]$cDrucker$d1907 215 $a157 p.$d24 cm. 462 1$1001CUB0366061$12001 $aˆ2: ‰Oneri pubblici e diritti signorili$fP.S. Leicht$v1$1700 1$aLeicht$b, Pier Silverio$3CFIV108557$4070 606 $aProprietà fondiaria$xStoria$xStudi$2FIR$3NAPC051621$9I 676 $a340.55$9$v21 700 1$aLeicht$b, Pier Silverio$3CFIV108557$4070$0212659 790 1$aLeicht$b, P. S.$3SBNV003576$zLeicht, Pier Silverio 801 3$aIT$bIT-000000$c20131203 850 $aIT-BN0095 912 $aMIL0441035 950 2$aBiblioteca Centralizzata di Ateneo$c1 v.$d 01D (AR) 28 719$e 01AR 0700287195 VMF 1 v.$fB $h20131203$i20131203 977 $a 01 996 $aRegno langobardo, l'Italia meridionale sino alla dominazione normanna$91400076 997 $aUNISANNIO